[Event "FRA-ch U16 Girls"]
[Site "Agen"]
[Date "2024.04.15"]
[Round "2"]
[White "Tahar Chaouch, Nefissa"]
[Black "Lavilledieu, Lily Mei"]
[Result "0-1"]
[WhiteElo "1689"]
[BlackElo "1783"]
[PlyCount "52"]
[EventDate "2024.04.14"]
[EventType "swiss"]
[EventRounds "9"]
[EventCountry "FRA"]
[SourceTitle "EXT 2025"]
[Source "ChessBase"]
[SourceDate "2024.10.14"]
[SourceVersion "1"]
[SourceVersionDate "2024.10.14"]
[SourceQuality "1"]

1. b4 e5 2. Bb2 d6 3. e3 Bf5 4. Nf3 Nd7 5. c4 Ngf6 6. Be2 Be7 7. 0-0 0-0 8. Nc3 Re8 9. d4 h6 10. d5 c6 11. a4 a5 12. b5 c5 13. Nh4 Bh7 14. g3 g5 15. Ng2 e4 16. f4 exf3 17. Bxf3 Ne5 18. Be2 Qd7 19. Ne1 Qh3 20. Rf2 Nfg4 21. Bxg4 Nxg4 22. Re2 Bf6 23. Qd2 Nxe3 24. Rf2 Nxc4 25. Qc1 Bd4 26. Nd1 Rxe1# 0-1